Complex Materialsfor Skin Diseases / (Record no. 615166)
[ view plain ]
| 000 -LEADER | |
|---|---|
| fixed length control field | 01724nam a22001577a 4500 |
| 082 ## - DEWEY DECIMAL CLASSIFICATION NUMBER | |
| Classification number | 610 |
| 100 ## - MAIN ENTRY--PERSONAL NAME | |
| Personal name | Riaz, Aqsa |
| 245 ## - TITLE STATEMENT | |
| Title | Complex Materialsfor Skin Diseases / |
| Statement of responsibility, etc. | Aqsa Riaz |
| 264 ## - PRODUCTION, PUBLICATION, DISTRIBUTION, MANUFACTURE, AND COPYRIGHT NOTICE | |
| Place of production, publication, distribution, manufacture | Islamabad : |
| Name of producer, publisher, distributor, manufacturer | SMME- NUST; |
| Date of production, publication, distribution, manufacture, or copyright notice | 2025. |
| 300 ## - PHYSICAL DESCRIPTION | |
| Extent | 65p. |
| Other physical details | Soft Copy |
| Dimensions | 30cm |
| 500 ## - GENERAL NOTE | |
| General note | For the development of complex multifunctional materials as advanced wound dressings for the<br/>treatment of skin diseases, particularly chronic and infected wounds. By integrating cerium oxide<br/>nanoparticles and thymol-based deep eutectic solvent hydrogels into a chitosan-gelatin matrix, the<br/>study addresses pressing challenges in wound care, including antimicrobial resistance, limited drug<br/>stability, and poor localization at wound sites. Engineered hydrogels provide sustained release of<br/>active compounds, effectively disrupt biofilms from resistant bacteria such as Staphylococcus<br/>aureus and Escherichia coli, and deliver combined antimicrobial, antioxidant, and antiinflammatory effects. Laboratory evaluations demonstrated significant antibacterial activity,<br/>enhanced biofilm inhibition, and improved healing potential compared to conventional therapies.<br/>The results establish these materials as strong candidates for next generation wound dressings,<br/>with future research focused on optimizing formulation stability and validating in vivo safety. This<br/>work contributes to advancements in wound management by offering promising solutions for<br/>minimizing antimicrobial resistance and enhancing healing outcomes in chronic skin infections. |
| 650 ## - SUBJECT ADDED ENTRY--TOPICAL TERM | |
| Topical term or geographic name entry element | MS Biomedical Sciences (BMS) |
| 700 ## - ADDED ENTRY--PERSONAL NAME | |
| Personal name | Supervisor : Dr. Nosheen Fatima Rana |
| 856 ## - ELECTRONIC LOCATION AND ACCESS | |
| Uniform Resource Identifier | <a href="http://10.250.8.41:8080/xmlui/handle/123456789/55614">http://10.250.8.41:8080/xmlui/handle/123456789/55614</a> |
| 942 ## - ADDED ENTRY ELEMENTS (KOHA) | |
| Source of classification or shelving scheme | |
| Koha item type | Thesis |
| Withdrawn status | Permanent Location | Current Location | Shelving location | Date acquired | Full call number | Barcode | Koha item type |
|---|---|---|---|---|---|---|---|
| School of Mechanical & Manufacturing Engineering (SMME) | School of Mechanical & Manufacturing Engineering (SMME) | E-Books | 10/14/2025 | 610 | SMME-TH-1188 | Thesis |
